| 000 | 00664nam a2200217 a 4500 | ||
|---|---|---|---|
| 005 | 20220607063620.0 | ||
| 008 | 131209s2010 es r 000 0 spa d | ||
| 020 | _a9788493790264 | ||
| 035 | _aUPN01000194614 | ||
| 049 | _aCG | ||
| 050 | 4 |
_aPQ6657 I8.2 _bD4.7 |
|
| 100 | 1 |
_aGisbert, Joan Manuel, _d1949- _932067 |
|
| 245 | 1 | 3 |
_aEl despertar del Heisenberg / _cJoan Manuel Gisbert ; il. Pablo Auladell. |
| 260 |
_aBarcelona, Esp. : _bJinete Azul, _c2010. |
||
| 300 |
_a129 p. : _bil. |
||
| 440 | 0 | _aNovela gráfica | |
| 650 | 0 |
_aLiteratura juvenil española _912359 |
|
| 650 | 2 |
_aNovela policiaca y de misterio _98409 |
|
| 905 | _aLibro | ||
| 999 |
_c166715 _d166715 |
||